<?xml version='1.0' encoding='UTF-8'?>
  <record xmlns="http://www.loc.gov/MARC21/slim">
    <leader>00000cam a2200000 i 4500</leader>
    <controlfield tag="001">ocn781817619</controlfield>
    <controlfield tag="003">OCoLC</controlfield>
    <controlfield tag="005">20260125210756.2</controlfield>
    <controlfield tag="008">861016s1732    ne            000 0 dut d</controlfield>
    <datafield tag="040" ind1=" " ind2=" ">
      <subfield code="a">NLGGC</subfield>
      <subfield code="b">dut</subfield>
      <subfield code="e">fobidrtb</subfield>
      <subfield code="c">NLGGC</subfield>
    </datafield>
    <datafield tag="029" ind1="0" ind2=" ">
      <subfield code="a">NLGGC</subfield>
      <subfield code="b">864545118</subfield>
    </datafield>
    <datafield tag="035" ind1=" " ind2=" ">
      <subfield code="a">(OCoLC)781817619</subfield>
    </datafield>
    <datafield tag="041" ind1="1" ind2=" ">
      <subfield code="a">dut</subfield>
      <subfield code="k">fre</subfield>
      <subfield code="h">grc</subfield>
    </datafield>
    <datafield tag="072" ind1=" " ind2="7">
      <subfield code="a">a</subfield>
      <subfield code="2">odfysin</subfield>
    </datafield>
    <datafield tag="072" ind1=" " ind2="7">
      <subfield code="a">b</subfield>
      <subfield code="2">odfysin</subfield>
    </datafield>
    <datafield tag="072" ind1=" " ind2="7">
      <subfield code="a">c</subfield>
      <subfield code="2">odfysin</subfield>
    </datafield>
    <datafield tag="072" ind1=" " ind2="7">
      <subfield code="a">i</subfield>
      <subfield code="2">odfysin</subfield>
    </datafield>
    <datafield tag="072" ind1=" " ind2="7">
      <subfield code="a">w</subfield>
      <subfield code="2">odfysin</subfield>
    </datafield>
    <datafield tag="072" ind1=" " ind2="7">
      <subfield code="a">x</subfield>
      <subfield code="2">odfysin</subfield>
    </datafield>
    <datafield tag="072" ind1=" " ind2="7">
      <subfield code="a">z</subfield>
      <subfield code="2">odfysin</subfield>
    </datafield>
    <datafield tag="084" ind1=" " ind2=" ">
      <subfield code="a">15.75</subfield>
      <subfield code="2">bcl</subfield>
    </datafield>
    <datafield tag="084" ind1=" " ind2=" ">
      <subfield code="a">18.43</subfield>
      <subfield code="2">bcl</subfield>
    </datafield>
    <datafield tag="100" ind1="1" ind2=" ">
      <subfield code="a">Josephus, Flavius,</subfield>
      <subfield code="d">ca. 37-ca. 100.</subfield>
      <subfield code="0">(NL-LeOCL)069071632</subfield>
    </datafield>
    <datafield tag="245" ind1="1" ind2="0">
      <subfield code="a">Alle de werken van Flavius Josephus, behelzende twintig boeken van de Joodsche oudheden, het verhaal van zyn eygen leeven, de histori van den oorlóg der Jooden tegen de Romeynen, de twee boeken tegen Apion, en de beschryvinge van den marteldoodt der Machabeen. Waarby komt het gezantschap van Philo aan den keyzer Kaligula. /</subfield>
      <subfield code="c">Voor deezen vólgens de overzettinge van den heere d'Andilly in 't Nederduytsch overgebragt door W. Séwel; maar nu naar het oorsprongkelyk Grieks overzien, en op zeer veele plaatsen verbeeterd, en vermeerderd met het voorheen onvertaalde geschrift van Philo tegen Flakkus, onder 't opzigt en door Sigebert Haverkamp ... ; Nóg zyn daarby gevoegd de vyf boeken van Egesippus van de Joodsche oorlogen, en de verwoestinge van Jerusalem. Verciert met konstplaaten, van Jan en Kaspar Luiken.</subfield>
    </datafield>
    <datafield tag="246" ind1="3" ind2=" ">
      <subfield code="a">Alle de werken</subfield>
    </datafield>
    <datafield tag="246" ind1="3" ind2=" ">
      <subfield code="a">Egesippus Van de Joodsche oorlogen, en de uyterste verdelging der stad Jerusalem</subfield>
    </datafield>
    <datafield tag="246" ind1="3" ind2=" ">
      <subfield code="a">Van de Joodsche oorlogen, en de uyterste verdelging der stad Jerusalem</subfield>
    </datafield>
    <datafield tag="260" ind1=" " ind2=" ">
      <subfield code="a">t'Amsterdam, :</subfield>
      <subfield code="b">by Marten Schagen ...,</subfield>
      <subfield code="c">1732.</subfield>
    </datafield>
    <datafield tag="300" ind1=" " ind2=" ">
      <subfield code="a">[46], 790, [24], 112, [11] p. :</subfield>
      <subfield code="b">ill. ;</subfield>
      <subfield code="c">in-2.</subfield>
    </datafield>
    <datafield tag="336" ind1=" " ind2=" ">
      <subfield code="a">tekst</subfield>
      <subfield code="b">txt</subfield>
      <subfield code="2">rdacontent/dut</subfield>
    </datafield>
    <datafield tag="337" ind1=" " ind2=" ">
      <subfield code="a">zonder medium</subfield>
      <subfield code="b">n</subfield>
      <subfield code="2">rdamedia/dut</subfield>
    </datafield>
    <datafield tag="338" ind1=" " ind2=" ">
      <subfield code="a">band</subfield>
      <subfield code="b">nc</subfield>
      <subfield code="2">rdacarrier/dut</subfield>
    </datafield>
    <datafield tag="500" ind1=" " ind2=" ">
      <subfield code="a">Met gegraveerd titelblad, titelvign. (met portr. van F. Josephus) en pltn. Bevat ook gegraveerd portr. van Sigebertus Havercampus.</subfield>
    </datafield>
    <datafield tag="500" ind1=" " ind2=" ">
      <subfield code="a">Oorspr. uitg.: Amsterdam : Joannes van Oosterwijk, 1722.</subfield>
    </datafield>
    <datafield tag="500" ind1=" " ind2=" ">
      <subfield code="a">Bevat ook: Egesippus Van de Joodsche oorlogen, en de uyterste verdelging der stad Jerusalem ..</subfield>
    </datafield>
    <datafield tag="510" ind1="0" ind2=" ">
      <subfield code="a">Van Eeghen/Van der Kellen 396 noot</subfield>
    </datafield>
    <datafield tag="530" ind1=" " ind2=" ">
      <subfield code="a">Titel is gedigitaliseerd voor de Koninklijke Bibliotheek in het kader van het Google Books-project.</subfield>
    </datafield>
    <datafield tag="650" ind1="1" ind2="7">
      <subfield code="a">Joden.</subfield>
      <subfield code="2">gtt</subfield>
      <subfield code="0">(NL-LeOCL)078552478</subfield>
    </datafield>
    <datafield tag="651" ind1=" " ind2="7">
      <subfield code="a">Palestina.</subfield>
      <subfield code="2">gtt</subfield>
      <subfield code="0">(NL-LeOCL)078620902</subfield>
    </datafield>
    <datafield tag="655" ind1=" " ind2="7">
      <subfield code="a">Geschiedenis (vorm)</subfield>
      <subfield code="2">gtt</subfield>
      <subfield code="0">(NL-LeOCL)088143147</subfield>
    </datafield>
    <datafield tag="655" ind1=" " ind2="7">
      <subfield code="a">Verzamelde werken (vorm)</subfield>
      <subfield code="2">gtt</subfield>
      <subfield code="0">(NL-LeOCL)088145174</subfield>
    </datafield>
    <datafield tag="655" ind1=" " ind2="7">
      <subfield code="a">Vertalingen (vorm)</subfield>
      <subfield code="2">gtt</subfield>
      <subfield code="0">(NL-LeOCL)088145166</subfield>
    </datafield>
    <datafield tag="655" ind1=" " ind2="7">
      <subfield code="a">Didactisch proza (teksten)</subfield>
      <subfield code="2">gtt</subfield>
      <subfield code="0">(NL-LeOCL)112192122</subfield>
    </datafield>
    <datafield tag="700" ind1="1" ind2=" ">
      <subfield code="a">Séwel, Willem,</subfield>
      <subfield code="d">1654-1720.</subfield>
      <subfield code="0">(NL-LeOCL)070139350</subfield>
    </datafield>
    <datafield tag="700" ind1="0" ind2=" ">
      <subfield code="a">Philo,</subfield>
      <subfield code="c">Judaeus Alexandrinus,</subfield>
      <subfield code="d">ca. 25 v. Chr.-ca. 45 na Chr.</subfield>
      <subfield code="0">(NL-LeOCL)068937644</subfield>
    </datafield>
    <datafield tag="700" ind1="1" ind2=" ">
      <subfield code="a">Havercamp, Siwart,</subfield>
      <subfield code="d">1684-1742.</subfield>
      <subfield code="0">(NL-LeOCL)069854688</subfield>
    </datafield>
    <datafield tag="700" ind1="0" ind2=" ">
      <subfield code="a">Hegesippus,</subfield>
      <subfield code="c">Palaestinus,</subfield>
      <subfield code="d">ca. 110-ca. 180.</subfield>
      <subfield code="0">(NL-LeOCL)069737991</subfield>
    </datafield>
    <datafield tag="700" ind1="1" ind2=" ">
      <subfield code="a">Arnauld, Robert,</subfield>
      <subfield code="c">d'Andilly,</subfield>
      <subfield code="d">1589-1674.</subfield>
      <subfield code="0">(NL-LeOCL)068458800</subfield>
    </datafield>
    <datafield tag="700" ind1="1" ind2=" ">
      <subfield code="a">Schagen, Marten</subfield>
      <subfield code="c">Amsterdam.</subfield>
      <subfield code="4">prt</subfield>
      <subfield code="0">(NL-LeOCL)077171330</subfield>
    </datafield>
    <datafield tag="776" ind1="0" ind2=" ">
      <subfield code="t">Alle de werken van Flavius Josephus, behelzende twintig boeken van de Joodsche oudheden, het verhaal van zyn eygen leeven, de histori van den oorlóg der Jooden tegen de Romeynen, de twee boeken tegen Apion, en de beschryvinge van den marteldoodt der Machabeen. Waarby komt het gezantschap van Philo aan den keyzer Kaligula.</subfield>
      <subfield code="w">(NL-LeOCL)399232176</subfield>
    </datafield>
    <datafield tag="856" ind1="4" ind2="2">
      <subfield code="y">Short Title Catalogue, Netherlands</subfield>
      <subfield code="u">http://resolver.kb.nl/resolve?urn=STCN:184796709:record</subfield>
      <subfield code="z">zie de oorspronkelijke beschrijving bij de STCN voor mogelijk overige vindplaatsen</subfield>
      <subfield code="7">0</subfield>
    </datafield>
    <datafield tag="936" ind1=" " ind2=" ">
      <subfield code="a">BATCHLOAD</subfield>
    </datafield>
  </record>